书目信息 |
| 题名: |
中国秘方全书
|
|
| 作者: | 周洪范 编著 | |
| 分册: | ||
| 出版信息: | 北京 科学技术文献出版社 1991.02 |
|
| 页数: | 782页 | |
| 开本: | 21cm | |
| 丛书名: | ||
| 单 册: | ||
| 中图分类: | R242 | |
| 科图分类: | ||
| 主题词: | 中医学:临床医学 | |
| 电子资源: | ||
| ISBN: | 7-5023-1325-7 | |
| 000 | 00581nam0 2200205 45 | |
| 001 | 0409220820 | |
| 005 | 20040922082831.8 | |
| 010 | @a7-5023-1325-7@b精装@dCNY13.00 | |
| 100 | @a20040922d1991 km y0chiy0120 ea | |
| 101 | 0 | @achi |
| 105 | @a z 000yy | |
| 200 | 1 | @a中国秘方全书@AZhong Guo Mi Fang Quan Shu@f周洪范编著@FZhou Hong Fan Bian Zhu |
| 205 | @a2版 | |
| 210 | @a北京@c科学技术文献出版社@d1991.02 | |
| 215 | @a782页@d21cm | |
| 606 | 0 | @a中医学:临床医学 |
| 690 | @aR242@v3 | |
| 701 | 0 | @a周洪范@4编著 |
| 801 | @aCN@bPftUser@c20040922 | |
| 905 | @dR242@e102=2@b258070@f1 | |
| 中国秘方全书/周洪范编著.-2版.-北京:科学技术文献出版社,1991.02 |
| 782页;21cm |
| ISBN 7-5023-1325-7(精装):CNY13.00 |
| ● |
| 相关链接 |
|
|
|
|
正题名:中国秘方全书
索取号:R242/102=2
 
预约/预借
| 序号 | 登录号 | 条形码 | 馆藏地/架位号 | 状态 | 备注 |
| 1 | 0258070 | 000708522 | 第三借阅区/ [索取号:R242/102=2] | 在馆 | |
| 2 | 0258071 | 000708513 | 第二样本阅览室/ [索取号:R242/102=2] | 在馆 |